000 00656nam a2200253Ia 4500
003 OSt
005 20221005031455.0
006 a|||||r|||| 00| 0
007 ta
008 221004b |||||||| |||| 00| 0 tam d
020 _c7.00
024 _a65049
037 _cTextual
040 _aCRL
_cCRL
_btam
041 _2tam
_atam
082 _aO31,3N223,1, J6;1
100 _aAnuthama Au.
_9583770
245 0 _aNaintha Ullam
260 _aChennai
_bAmutha Nilayam India
_c1956
300 _a4+493p.
_ccm.
650 _aTAMIL LITERATURE
942 _hO31,3N223,1, J6;1
_cTEXL
_2cc
999 _c937828
_d937828